[Event "Najdorf Memorial Open"]
[Site "Warsaw POL"]
[Date "2008.08.03"]
[Round "2"]
[White "Winski,L"]
[Black "Wcislo,D"]
[Result "0-1"]
[WhiteElo "2045"]
[BlackElo "2216"]

1.e4 c5 2.Nf3 Nc6 3.d4 cxd4 4.Nxd4 Nf6 5.Nc3 d6 6.Bg5 e6 7.Qd2 a6 8.O-O-O Bd7
9.f3 Be7 10.Be3 h5 11.Bd3 Rc8 12.h3 h4 13.f4 b5 14.Kb1 Qc7 15.Rhg1 Nxd4 16.Bxd4 b4
17.Ne2 e5 18.Bf2 Qb7 19.fxe5 dxe5 20.Nc1 a5 21.Qe2 Qc7 22.Ba6 Rb8 23.Bc4 Nh5
24.Bd5 Nf4 25.Qf3 Rc8 26.Rd2 a4 27.Nd3 Ne6 28.Be3 a3 29.Rf2 f6 30.g3 hxg3
31.Rxg3 g5 32.b3 Nf4 33.Bc4 Qb7 34.Bxf4 exf4 35.Nxf4 gxf4 36.Qxf4 Qc7 37.Qf3 Qe5
38.c3 bxc3 39.Rfg2 Bf8 40.Qd3 Rd8 41.Kc2 Bxh3 42.Bb5+ Bd7  0-1

[Event "Najdorf Memorial Open"]
[Site "Warsaw POL"]
[Date "2008.08.03"]
[Round "2"]
[White "Lach,A"]
[Black "Fistek,D"]
[Result "0-1"]
[WhiteElo "2035"]
[BlackElo "2208"]

1.e4 c5 2.Nf3 d6 3.d4 cxd4 4.Nxd4 Nf6 5.Nc3 Nc6 6.Bg5 e6 7.Qd3 a6 8.O-O-O Bd7
9.Be2 b5 10.Nxc6 Bxc6 11.Bf3 Qc7 12.Rhe1 Be7 13.Bxf6 gxf6 14.Kb1 Rc8 15.Ne2 Bb7
16.Nd4 O-O 17.Bg4 Kh8 18.f4 Rg8 19.Qh3 Qc5 20.Rd2 b4 21.Nb3 Qb5 22.Be2 Qb6
23.Bd3 Rg7 24.Rde2 a5 25.Nd2 a4 26.e5 dxe5 27.fxe5 f5 28.Nc4 Qd4 29.Qe3 Rxc4
30.Bxc4 Qxc4 31.Qa7 Qc6 32.Qe3 Qc5 33.Qxc5 Bxc5 34.g3 Rg4 35.c3 bxc3 36.bxc3 Re4
37.Kc2 Bd5 38.Rxe4 fxe4 39.c4 Bc6 40.Rf1 Kg7 41.Kc3 h5 42.Rf6 e3 43.Kd3 Bg2
44.Rf4 Bh3 45.a3 Bf5+ 46.Ke2 Bg4+ 47.Ke1 Bxa3 48.c5 Bxc5 49.Rxa4 Bb6 50.Kf1 Bd1
51.Ra1 e2+ 52.Ke1 Bd4 53.Rc1 Bxe5 54.Rc4 Kg6 55.Rc5 Bd4 56.Rc4 e5 57.h3 Kf5
58.Rc7 Ke4 59.g4 hxg4 60.hxg4 Kd3 61.Rd7 Kc2 62.Rc7+ Bc3+ 63.Rxc3+ Kxc3 64.g5 Kd3
65.g6 fxg6 66.Kf2 Kd2 67.Kg2 e1=Q  0-1

[Event "GM Valoz Cup"]
[Site "Olomouc CZE"]
[Date "2008.08.04"]
[Round "6"]
[White "Grandelius,N"]
[Black "Baryshpolets,A"]
[Result "1-0"]
[WhiteElo "2366"]
[BlackElo "2413"]

1.e4 c5 2.Nf3 d6 3.d4 cxd4 4.Nxd4 Nf6 5.Nc3 Nc6 6.Bg5 Be6 7.Qd2 a6 8.O-O-O Bd7
9.f4 b5 10.Bxf6 gxf6 11.Kb1 Qb6 12.Nxc6 Bxc6 13.f5 Qc5 14.Bd3 b4 15.Ne2 e5
16.c3 Rb8 17.cxb4 Qxb4 18.Qxb4 Rxb4 19.Nc3 Rg8 20.g3 Rg4 21.Rhe1 Kd7 22.Bc2 Be7
23.Nd5 Bxd5 24.Rxd5 Bd8 25.a3 Rb8 26.Red1 Bc7 27.Ka2 a5 28.Re1 Ke7 29.Bb3 h5
30.Rd3 Bb6 31.Bd5 Bd4 32.Re2 Rgg8 33.Rc2 Rgc8 34.Rdd2 Rc5 35.Rxc5 dxc5 36.Rc2 Rg8
37.b4 axb4 38.axb4 Rc8 39.b5 Rb8 40.Bc6 Kd6 41.Kb3 h4 42.g4 h3 43.Kc4 Rg8
44.Ra2 Kc7 45.Ra7+ Kb6 46.Ra6+ Kc7 47.Bd5 Bg1 48.Rxf6 Rh8 49.b6+ Kd7 50.Rxf7+ Kd6
51.Rf6+ Kd7 52.Bc6+ Ke7 53.Re6+ Kd8 54.f6  1-0

[Event "5th Open"]
[Site "Kalamaria GRE"]
[Date "2008.08.05"]
[Round "4"]
[White "Pavlidis,Ant"]
[Black "Manik,M"]
[Result "1/2-1/2"]
[WhiteElo "2266"]
[BlackElo "2453"]

1.e4 c5 2.Nf3 Nc6 3.d4 cxd4 4.Nxd4 Nf6 5.Nc3 d6 6.Bg5 e6 7.Qd2 a6 8.O-O-O Be7
9.f4 Nxd4 10.Qxd4 b5 11.Be2 Bb7 12.Bf3 Rc8 13.Bxf6 gxf6 14.f5 h5 15.h4 Qc7
16.Kb1 Qc5 17.Qd3 b4 18.Ne2 e5 19.Ng3 a5 20.Nxh5 a4 21.g4 a3 22.b3 Qb6 23.Bg2  1/2-1/2

[Event "Najdorf Memorial Open"]
[Site "Warsaw POL"]
[Date "2008.08.05"]
[Round "4"]
[White "Gosciniak,M"]
[Black "Gluszko,T"]
[Result "1/2-1/2"]
[WhiteElo "2096"]
[BlackElo "2225"]

1.e4 c5 2.Nf3 Nc6 3.d4 cxd4 4.Nxd4 Nf6 5.Nc3 d6 6.Bg5 Bd7 7.Qd2 Rc8 8.O-O-O Nxd4
9.Qxd4 Qa5 10.Bxf6 gxf6 11.f4 Qc5 12.Qd2 b5 13.Be2 e6 14.e5 f5 15.Bh5 b4
16.Ne2 Bc6 17.Nd4 Bd5 18.Kb1 dxe5 19.fxe5 Rg8  1/2-1/2

[Event "Najdorf Memorial Open"]
[Site "Warsaw POL"]
[Date "2008.08.05"]
[Round "4"]
[White "Zhigalko,A"]
[Black "Gumula,D"]
[Result "1/2-1/2"]
[WhiteElo "2551"]
[BlackElo "2277"]

1.e4 c5 2.Nf3 d6 3.d4 cxd4 4.Nxd4 Nf6 5.Nc3 Nc6 6.Bg5 Bd7 7.f3 Qa5 8.Be3 Nxd4
9.Qxd4 g6 10.Qd2 Bg7 11.Nb5 Qxd2+ 12.Kxd2 O-O 13.Nxa7 d5 14.e5 Ne8 15.Bb5 Bxb5
16.Nxb5 Bxe5 17.c3 Nd6 18.Nxd6 Bxd6 19.a4 Rfc8 20.g3 f6 21.a5 Kf7 22.Ra2 h5
23.Bf2 e5 24.Rha1 Rc6 25.Ra4 Rc4 26.Kd3 Rac8 27.a6 bxa6 28.Rxa6 e4+ 29.Ke2 Bc5
30.Bxc5 R8xc5 31.fxe4 dxe4 32.Rb6 Rc6 33.Raa6 Rxb6 34.Rxb6 g5 35.Ke3 f5 36.h3 Kg7
37.Rd6 h4 38.gxh4 f4+ 39.Ke2 gxh4 40.Re6 Ra4 41.Kf2 Kf7 42.Rh6 Ra2 43.Rb6 Ra5  1/2-1/2

[Event "Najdorf Memorial Open"]
[Site "Warsaw POL"]
[Date "2008.08.05"]
[Round "4"]
[White "Marwan,A"]
[Black "Wcislo,D"]
[Result "1/2-1/2"]
[WhiteElo "2078"]
[BlackElo "2216"]

1.e4 c5 2.Nf3 Nc6 3.d4 cxd4 4.Nxd4 Nf6 5.Nc3 d6 6.Bg5 e6 7.Qd2 a6 8.f3 Bd7
9.O-O-O Be7 10.Be3 h5 11.Nxc6 Bxc6 12.Bf4 d5 13.exd5 Nxd5 14.Nxd5 Bxd5 15.Kb1 Rc8
16.Be5 O-O 17.Bd3 Bxa2+ 18.Ka1 Bd5 19.Rhf1 Bf6 20.f4 Rc5 21.b4 Rc8 22.Kb2 Qe7
23.c3 a5 24.b5 Bxe5 25.fxe5 Bc4 26.Qe2 Bxd3 27.Rxd3 Rc5 28.Qxh5 Rxb5+ 29.Ka2 Qc7
30.Rf4 Rxe5 31.Qf3 b5 32.Rh4 b4 33.Qh3 f6 34.Rg3 Rg5 35.Rxg5 fxg5 36.Rh8+ Kf7
37.Qh5+ Ke7 38.Qxg5+ Ke8 39.Qh5+ Ke7 40.Qg5+  1/2-1/2

[Event "17th Open"]
[Site "Kavala GRE"]
[Date "2008.08.06"]
[Round "8"]
[White "Radulski,J"]
[Black "Nevednichy,V"]
[Result "0-1"]
[WhiteElo "2516"]
[BlackElo "2577"]

1.e4 c5 2.Nf3 d6 3.d4 cxd4 4.Nxd4 Nf6 5.Nc3 Nc6 6.Bg5 e6 7.Qd2 a6 8.O-O-O Bd7
9.f4 b5 10.Bxf6 gxf6 11.Kb1 Qb6 12.Nf5 exf5 13.Nd5 Qd8 14.exf5 Bg7 15.Re1+ Kf8
16.Bd3 h5 17.Be4 Rc8 18.Re3 Na5 19.b3 Nb7 20.Ne7 Rc7 21.Rhe1 Bh6 22.g3 Qxe7
23.Bxb7 Qd8 24.Qxd6+ Kg7 25.Re7 Rxb7 26.Qd5 Rf8 27.Qxb7 Bxf5 28.Qc6 Kg6 29.Qc5 Qd2
30.R7e2 Qd7 31.Re7 Rc8 32.Rxd7 Rxc5 33.Rd2 Rc8 34.Kb2 Bf8 35.c3 Be6 36.Red1 Be7
37.Rd3 a5 38.R1d2 Kf5 39.Re2 h4 40.Rg2 Rg8 41.Rgd2 h3 42.Re3 Bc5 43.Re1 Kg4
44.Rf1 f5 45.Re1 Be7 46.Re3 Rc8 47.Rdd3 Bf6 48.Kb1 Rc5 49.Kc2 Rc6 50.Kb1 a4
51.b4 a3 52.Ka1 Bc4  0-1

[Event "12th HZ Open"]
[Site "Vlissingen NED"]
[Date "2008.08.06"]
[Round "6"]
[White "Amonatov,F"]
[Black "Llaneza Vega,M"]
[Result "1-0"]
[WhiteElo "2650"]
[BlackElo "2468"]

1.e4 c5 2.Nf3 Nc6 3.d4 cxd4 4.Nxd4 Nf6 5.Nc3 d6 6.Bg5 e6 7.Qd2 a6 8.O-O-O h6
9.Be3 Be7 10.f3 Nxd4 11.Bxd4 b5 12.Kb1 b4 13.Na4 O-O 14.Nb6 Rb8 15.Nxc8 Qxc8
16.Ba7 Rb7 17.Be3 Qc6 18.Bd3 Nd7 19.Bd4 a5 20.g4 Bg5 21.Qe2 Nc5 22.h4 Bf4
23.g5 Na4 24.Bc4 Nc3+ 25.bxc3 bxc3+ 26.Bb3 a4 27.Rd3 axb3 28.cxb3 Qa6 29.Bxc3 Rc8
30.Bb2 Ra7 31.Bd4 Rac7 32.Bb2 Ra8 33.a3 Rb8 34.b4 Rbc8 35.Rhd1 Qa4 36.gxh6 Rc2
37.R1d2 Bxd2 38.Rxd2 Rxd2 39.Qxd2 gxh6 40.Qg2+ Kf8 41.Qg7+ Ke8 42.Qg8+ Kd7
43.Qxf7+ Kc6 44.Qxe6 Qd1+ 45.Ka2 Kb7 46.Qxh6 Qxf3 47.Qe6 Qe2 48.Qd5+ Ka7
49.h5 Qh2 50.Kb3 Qc2+ 51.Ka2 Qh2 52.Qa5+ Kb7 53.Qb5+ Ka7 54.Qd7+ Kb8 55.e5 dxe5
56.Qd6+ Ka7 57.Qxe5 Qc2 58.Qd4+ Ka6 59.h6 Rc7 60.Qd5 Qh2 61.Qe6+ Kb7 62.Qd5+ Kc8
63.Qf5+ Kb7 64.Qf3+ Kc8 65.Qf6 Qc2 66.Qe6+ Kb7 67.b5 Rh7 68.Ka1 Qd1+ 69.Ka2 Qc2
70.Qg8 Rd7 71.Qb3 Qh2 72.Qf3+ Kc7 73.Qc6+ Kd8 74.b6 Rd2 75.Qf6+ Kc8 76.Qg7 Qd6
77.Qc3+ Kb7 78.h7 Qe6+ 79.Ka1 Qe1+ 80.Ka2 Qe6+ 81.Kb1 Qe4+ 82.Ka1 Rd1+ 83.Bc1 Qxh7
84.Qf3+ Kxb6 85.Qxd1 Qg7+ 86.Bb2 Qf7 87.Qd4+ Kb7 88.Qe4+ Kb8 89.Qe5+ Kc8
90.Qc5+ Qc7 91.Qb4 Qb7  1-0

[Event "Najdorf Memorial Open"]
[Site "Warsaw POL"]
[Date "2008.08.06"]
[Round "5"]
[White "Sosnowska,E"]
[Black "Czarnota,D"]
[Result "0-1"]
[WhiteElo "2008"]
[BlackElo "2229"]

1.e4 c5 2.Nf3 d6 3.d4 cxd4 4.Nxd4 Nf6 5.Nc3 Nc6 6.Bg5 e6 7.Qd2 a6 8.a4 Be7
9.Nb3 h6 10.Be3 Ng4 11.Bf4 e5 12.Bg3 Be6 13.h3 Nf6 14.Nc1 d5 15.exd5 Nxd5
16.Nxd5 Bxd5 17.Nd3 f6 18.O-O-O Nd4 19.Kb1 Be6 20.Nc1 Qb6 21.Bd3 O-O 22.f4 Ba3
23.c4 Bb4 24.Qf2 Bc5 25.Qd2 Nf5 26.Be1 Ne3 27.a5 Qc7 28.fxe5 Qxe5 29.b3 Nxd1
30.Qxd1 Ba3 31.Qc2 Bxc1 32.Qxc1 Bf5 33.Qc2 Bxd3 34.Qxd3 Rad8 35.Qc2 Rfe8
36.Bc3 Qg3 37.Rc1 Rd3 38.b4 Ree3 39.Bb2 Rb3 40.b5 Rec3 41.Qe2 Rxb2+ 42.Kxb2 Rb3+
43.Kc2 Qc3+ 44.Kd1 Qd4+ 45.Ke1 Re3 46.bxa6 bxa6 47.c5 Qb4+ 48.Kf1 Rxe2 49.Kxe2 Qxa5
50.c6 Qc7 51.Kd3 Kf7 52.Rc4 Ke6 53.Kc3 Ke7 54.Kb4 Qb6+ 55.Kc3 Kd8  0-1

[Event "Najdorf Memorial Open"]
[Site "Warsaw POL"]
[Date "2008.08.06"]
[Round "5"]
[White "Panocki,A"]
[Black "Dragun,K"]
[Result "1-0"]
[WhiteElo "2338"]
[BlackElo "2240"]

1.e4 c5 2.Nf3 d6 3.d4 cxd4 4.Nxd4 Nf6 5.Nc3 Nc6 6.Bg5 e6 7.Qd2 a6 8.O-O-O Bd7
9.f3 h6 10.Be3 Be7 11.g4 b5 12.Nxc6 Bxc6 13.Kb1 Rc8 14.Bd3 d5 15.e5 d4 16.exf6 Bxf6
17.Ne4 Bxe4 18.Bxe4 dxe3 19.Qxe3 Qe7 20.h4 Qb4 21.Qc1 Ke7 22.g5 hxg5 23.hxg5 Be5
24.a3 Qc5 25.g6 Rxh1 26.Rxh1 f5 27.Bd3 a5 28.Re1 f4 29.Re4 Rc6 30.Qe1 Bc7
31.Qh4+ Kd7 32.Qh8 Be5 33.Qa8 b4 34.axb4 axb4 35.Qb7+ Rc7 36.Qxb4 Qxb4 37.Rxb4 Bd6
38.Rd4 e5 39.Ra4 Bc5 40.c3 Kd6 41.Ra6+ Ke7 42.Bf5 Bd6 43.Kc2 Rb7 44.b4 Rb8
45.Be4 Rc8 46.Kb3 Rb8 47.Ra7+  1-0

[Event "Najdorf Memorial Open"]
[Site "Warsaw POL"]
[Date "2008.08.07"]
[Round "6"]
[White "Deszczynski,A"]
[Black "Fistek,D"]
[Result "1-0"]
[WhiteElo "2357"]
[BlackElo "2208"]

1.e4 c5 2.Nf3 d6 3.d4 cxd4 4.Nxd4 Nf6 5.Nc3 Nc6 6.Bg5 e6 7.Qd2 a6 8.O-O-O Bd7
9.f3 Be7 10.h4 h6 11.Be3 h5 12.Kb1 Ne5 13.Bg5 b5 14.a3 Rc8 15.Be2 O-O 16.f4 Neg4
17.Bf3 g6 18.Bxf6 Bxf6 19.Bxg4 hxg4 20.Nde2 Bc6 21.Qxd6 Bxh4 22.Qc5 Qe7 23.Qg1 Bf6
24.Qh2 Rfd8 25.e5 Bg7 26.Nd4 Bb7 27.Rd3 b4 28.axb4 Qxb4 29.Qh7+ Kf8 30.Rhd1 Qb6
31.Nxe6+ fxe6 32.Rd7 Rxd7 33.Rxd7 Qg1+ 34.Ka2 Bd5+ 35.Nxd5  1-0

[Event "XVII TCh-MKD"]
[Site "Struga MKD"]
[Date "2008.08.09"]
[Round "6"]
[White "Ilievski,B"]
[Black "Temkov,B"]
[Result "1-0"]
[WhiteElo "2222"]
[BlackElo "2014"]

1.e4 c5 2.Nc3 d6 3.Nf3 Nc6 4.d4 cxd4 5.Nxd4 Nf6 6.Bg5 Qb6 7.Nb3 Be6 8.Qd2 Nd7
9.Be3 Qd8 10.f4 g6 11.Nd4 Nf6 12.Nxe6 fxe6 13.O-O-O Ng4 14.Bg1 Bh6 15.Kb1 e5
16.Qe2 Nf6 17.f5 gxf5 18.exf5 Qa5 19.g4 Qb4 20.h3 O-O-O 21.a3 Qa5 22.h4 Bf8
23.g5 Nd7 24.Rd5 Qc7 25.Nb5 Qb8 26.Qc4 Nb6 27.Bxb6 axb6 28.Bh3 Kd7 29.Rxd6+ Ke8
30.Rd3 Rxd3 31.Qxd3 h6 32.f6 Kf7 33.Qf5 exf6 34.Qxf6+ Kg8 35.Qg6+  1-0

[Event "XVII TCh-MKD"]
[Site "Struga MKD"]
[Date "2008.08.09"]
[Round "6"]
[White "Filev,G"]
[Black "Menkinoski,R"]
[Result "1-0"]
[WhiteElo "2395"]
[BlackElo "2288"]

1.e4 c5 2.Nf3 d6 3.d4 cxd4 4.Nxd4 Nf6 5.Nc3 Nc6 6.Bg5 e6 7.Qd2 a6 8.O-O-O h6
9.Nxc6 bxc6 10.Bf4 d5 11.Qe3 Qa5 12.Be2 Be7 13.h4 Rg8 14.g4 Bb4 15.exd5 Bxc3
16.Qxc3 Qxc3 17.bxc3 cxd5 18.f3 Ke7 19.Kd2 h5 20.g5 Nd7 21.Rb1 e5 22.Be3 f5
23.f4 exf4 24.Bd4 g6 25.Bf3 Rb8 26.Rhe1+ Kd8 27.Rxb8 Nxb8 28.Bxd5 Rf8 29.Bg7 Re8
30.Bf7 Rxe1 31.Kxe1 Nd7 32.Bxg6 Nc5 33.Bxh5 Bb7 34.Bd4 Ne6 35.Bf7 Ke7 36.Bxe6 Kxe6
37.h5  1-0

[Event "Najdorf Memorial Open"]
[Site "Warsaw POL"]
[Date "2008.08.09"]
[Round "8"]
[White "Owczarzak,J"]
[Black "Wcislo,D"]
[Result "1-0"]
[WhiteElo "2343"]
[BlackElo "2216"]

1.e4 c5 2.Nf3 Nc6 3.d4 cxd4 4.Nxd4 Nf6 5.Nc3 d6 6.Bg5 e6 7.Qd2 a6 8.O-O-O Bd7
9.f4 b5 10.Bxf6 gxf6 11.Kb1 b4 12.Nce2 Qb6 13.Nxc6 Bxc6 14.f5 e5 15.Ng3 Qc5
16.h4 h5 17.Qe2 Ke7 18.Nxh5 Bh6 19.Rh3 Bb5 20.Qf3 Rhc8 21.Bd3 a5 22.g4 a4
23.g5 b3 24.Rh2 bxa2+ 25.Kxa2 Bc4+ 26.Bxc4 Qxc4+ 27.Ka1 Rab8 28.Nxf6 Rb3
29.cxb3 axb3 30.Nd5+ Ke8 31.Kb1 Bf8 32.Qd3  1-0

[Event "Open"]
[Site "Stare Mesto CZE"]
[Date "2008.08.10"]
[Round "4"]
[White "Kubis,I"]
[Black "Janko,Micha"]
[Result "1/2-1/2"]
[WhiteElo "2024"]
[BlackElo "2155"]

1.e4 c5 2.Nf3 d6 3.d4 cxd4 4.Nxd4 Nf6 5.Nc3 Nc6 6.Bg5 e6 7.Qd2 a6 8.O-O-O Bd7
9.f4 h6 10.Bh4 g5 11.fxg5 Ng4 12.Be2 Nge5 13.Kb1 Be7 14.Nf3 hxg5 15.Bg3 Qa5  1/2-1/2

[Event "XVII TCh-MKD"]
[Site "Struga MKD"]
[Date "2008.08.10"]
[Round "7"]
[White "Inarkiev,E"]
[Black "Dancevski,O"]
[Result "0-1"]
[WhiteElo "2675"]
[BlackElo "2441"]

1.e4 c5 2.Nf3 d6 3.d4 cxd4 4.Nxd4 Nf6 5.Nc3 Nc6 6.Bg5 e6 7.Qd2 a6 8.O-O-O h6
9.Be3 Bd7 10.f3 b5 11.Nxc6 Bxc6 12.Bd3 Be7 13.Kb1 Qc7 14.Rhe1 b4 15.Ne2 d5
16.e5 Nd7 17.Nd4 Nc5 18.f4 Bd7 19.g4 Na4 20.f5 Rb8 21.Nb3 a5 22.Bd4 Nc5 23.Qf2 Rc8
24.f6 gxf6 25.exf6 Bd6 26.Nxc5 Bxc5 27.Ba6 Bxd4 28.Rxd4 Ra8 29.Bf1 Qc5 30.Rc1 Rc8
31.Bg2 Rg8 32.h4 e5 33.Re1 Be6 34.Rxe5 Rxg4 35.Rd2 Qxf2 36.Rxf2 Rxh4 37.a3 Rc5
38.axb4 axb4 39.b3 Kd7 40.Kb2 Kd6 41.Re3 d4 42.Re1 Rf5 43.Rd2 Rxf6 44.Be4 Rff4
45.Bd3 h5 46.Ra1 Rhg4 47.Ra6+ Ke7 48.Rb6 h4 49.Ba6 Bd5 50.Bb7 Bxb7 51.Rxb7+ Kf6
52.Rxb4 h3 53.Rh2 Rf3 54.Rh1 Kg5 55.Rb8 d3 56.cxd3 Rxd3 57.Ka3 f5 58.Rh8 Rgg3
59.Rb1 f4 60.Kb4 f3 61.Rf1 Rd4+ 62.Kc3 Rd6 63.Kc4 Rh6 64.Rf8 h2 65.Rh1 Kg4
66.Kd4 Kh3 67.Ra8 Rg1  0-1

[Event "IV RC Sport Open"]
[Site "Ceska Trebova CZE"]
[Date "2008.08.14"]
[Round "8"]
[White "Blomqvist,E"]
[Black "Cvek,R"]
[Result "0-1"]
[WhiteElo "2322"]
[BlackElo "2532"]

1.e4 c5 2.Nf3 Nc6 3.d4 cxd4 4.Nxd4 Nf6 5.Nc3 d6 6.Bg5 e6 7.Qd2 a6 8.O-O-O Be7
9.f4 Bd7 10.Nf3 b5 11.Bxf6 gxf6 12.f5 Qb6 13.fxe6 fxe6 14.Kb1 O-O-O 15.g3 Kb8
16.Bh3 Bc8 17.Qe1 Qc5 18.Ne2 d5 19.exd5 Rxd5 20.Rxd5 exd5 21.Bxc8 Rxc8 22.Qg1 Ne5
23.Nfd4 Nc4 24.Qf2 Bd6 25.Rd1 Be5 26.Nf4 b4 27.Nfe6 Qb6 28.Qf5 Ne3 29.Qd3 Nxd1
30.Qxd1 Rc4  0-1

[Event "Open A"]
[Site "Vladimir RUS"]
[Date "2008.08.14"]
[Round "3"]
[White "Ziatdinov,R"]
[Black "Zabotin,A"]
[Result "1-0"]
[WhiteElo "2433"]
[BlackElo "2491"]

1.e4 c5 2.Nf3 Nc6 3.d4 cxd4 4.Nxd4 Nf6 5.Nc3 d6 6.Bg5 e6 7.Qd2 a6 8.O-O-O h6
9.Nxc6 bxc6 10.Bf4 d5 11.Qe3 Be7 12.Be2 O-O 13.h4 Re8 14.g4 Nd7 15.Qg3 e5
16.Bd2 Nc5 17.g5 d4 18.gxh6 Bf6 19.hxg7 dxc3 20.Bxc3 Qe7 21.Qe3 Kh7 22.Bd2 Bxg7
23.Rdg1 Qf8 24.Rxg7+ Qxg7 25.Qxc5 Qg2 26.Re1 Bg4 27.Bc4 Be6 28.Bd3 Bxa2 29.b3 a5
30.Kb2 a4 31.Kxa2 axb3+ 32.Kxb3 Rab8+ 33.Kc3 Qg4 34.f4 Qd7 35.fxe5 Qb7 36.Kd4 Qd7+
37.Kc3 Qb7 38.Bf4 Qb2+ 39.Kd2 Re6 40.Rf1 Rd8 41.Bg5 Rd7 42.Bf6  1-0

[Event "35th Open"]
[Site "Manresa ESP"]
[Date "2008.08.18"]
[Round "7"]
[White "Bruzon Batista,L"]
[Black "Babaev,Ra"]
[Result "1/2-1/2"]
[WhiteElo "2592"]
[BlackElo "2484"]

1.e4 c5 2.Nf3 d6 3.d4 cxd4 4.Nxd4 Nf6 5.Nc3 Nc6 6.Bg5 e6 7.Qd2 Qb6 8.Nb3 Be7
9.Bxf6 Bxf6 10.Qxd6 Be5 11.Qc5 Qxc5 12.Nxc5 Ke7 13.Bb5 Nd4 14.O-O-O Nxb5
15.Nxb5 b6 16.Nd3 Bb8 17.Rhe1 Bb7 18.Nd4 Rd8 19.c3 a6 20.g3 Ba7 21.f3  1/2-1/2

[Event "8th Savaria Summer IM"]
[Site "Szombathely HUN"]
[Date "2008.08.18"]
[Round "5"]
[White "Kislik,E"]
[Black "Rapport,R"]
[Result "1-0"]
[WhiteElo "2302"]
[BlackElo "2275"]

1.e4 c5 2.Nf3 d6 3.d4 cxd4 4.Nxd4 Nf6 5.Nc3 Nc6 6.Bg5 e6 7.Qd2 a6 8.O-O-O Bd7
9.f4 b5 10.Bxf6 gxf6 11.Kb1 Qb6 12.Nxc6 Bxc6 13.Bd3 Qc5 14.f5 Qe5 15.Rhf1 h5
16.Qf2 Be7 17.Ne2 Bd7 18.Nf4 Rg8 19.Nxh5 Qxh2 20.fxe6 Bxe6 21.Nf4 Kd7 22.Qb6 Rgb8
23.Qe3 Rg8 24.Qb6 Rgb8 25.Qd4 Qh4 26.Nd5 Bxd5 27.Qxd5 Qg5 28.Qxf7 Rf8 29.Qb3 Qxg2
30.a4 Qg8 31.Qb4 Rfb8 32.axb5 Qg3 33.Rf5 Qe3 34.Rd5 Qa7 35.Qa3 axb5 36.Bxb5+ Ke6
37.Rxd6+ Kf7 38.Bc4+ Ke8 39.Qxa7 Rxa7 40.R6d5 Rba8 41.c3 Kf8 42.Kc2 Ra4 43.Kb3 Ra1
44.Rh5 Rb8+ 45.Kc2 Rxb2+ 46.Kxb2 Rxd1 47.Rh8+ Kg7 48.Rg8+ Kh7 49.Rg4 Bd6
50.Kb3 Be5 51.Bg8+ Kh8 52.c4 Rb1+ 53.Ka4 Bd4 54.Bd5 Bc3 55.c5 Rb4+ 56.Ka3 Rb8
57.c6 Be5 58.Ka4 Kh7 59.Ka5 Bd6 60.Ka6 Be5 61.Ka7 Bd6 62.Be6 Be5 63.Bf5+ Kh8
64.Rh4+ Kg8 65.Rh7 Rb1 66.c7 Rc1 67.Kb7 Rb1+ 68.Kc8 Kf8 69.Kd8 Rd1+ 70.Rd7 Bd4
71.Rd5  1-0

[Event "35th Open"]
[Site "Manresa ESP"]
[Date "2008.08.19"]
[Round "8"]
[White "Konguvel,P"]
[Black "Perpinya Rofes,L"]
[Result "0-1"]
[WhiteElo "2415"]
[BlackElo "2385"]

1.e4 c5 2.Nf3 Nc6 3.d4 cxd4 4.Nxd4 Nf6 5.Nc3 d6 6.Bg5 e6 7.Qd2 a6 8.O-O-O Bd7
9.f3 h6 10.Be3 b5 11.Kb1 Ne5 12.Bd3 Qc7 13.g4 b4 14.Nce2 d5 15.exd5 Nxd5
16.Nf4 Nxe3 17.Qxe3 Bc5 18.Nh5 Nxd3 19.Rxd3 O-O-O 20.Qe4 Kb8 21.Rhd1 g6 22.Nf6 Ba4
23.Nb3 Be7 24.Rd4 Bb5 25.a4 bxa3 26.c4 Bc6 27.Nd5 exd5 28.cxd5 Bb5 29.Rc1 Qb7
30.Na5 Bd3+  0-1

[Event "23rd Open"]
[Site "Schwarzach AUT"]
[Date "2008.08.19"]
[Round "4"]
[White "Palac,M"]
[Black "Krivoborodov,E"]
[Result "1/2-1/2"]
[WhiteElo "2587"]
[BlackElo "2414"]

1.e4 c5 2.Nf3 Nc6 3.d4 cxd4 4.Nxd4 Nf6 5.Nc3 d6 6.Bg5 e6 7.Qd2 Qb6 8.Nb3 Be7
9.Bxf6 Bxf6 10.Qxd6 Be5 11.Qc5 Qxc5 12.Nxc5 Ke7 13.O-O-O b6 14.Nb3 Bb7 15.Bd3 Rac8
16.Ne2 g5 17.Kb1 Nb4 18.a3 Nxd3 19.cxd3 f5 20.f3 fxe4 21.fxe4 Rhf8 22.Rhf1 Ba6
23.Nbc1 Rcd8 24.Kc2 Rc8+ 25.Kb1 Rcd8 26.Kc2 Rc8+  1/2-1/2

[Event "Open A"]
[Site "Vladimir RUS"]
[Date "2008.08.19"]
[Round "7"]
[White "Belous,V"]
[Black "Zabotin,A"]
[Result "1-0"]
[WhiteElo "2409"]
[BlackElo "2491"]

1.e4 c5 2.Nf3 Nc6 3.d4 cxd4 4.Nxd4 Nf6 5.Nc3 d6 6.Bg5 e6 7.Qd2 a6 8.O-O-O h6
9.Nxc6 bxc6 10.Bf4 d5 11.Qe3 Be7 12.Be2 O-O 13.h4 Qa5 14.e5 Ne8 15.Rh3 Rb8
16.Bxh6 d4 17.Rxd4 Bc5 18.Rg3 Bxd4 19.Qxd4 Rb4 20.Bc4 Kh7 21.Bd3+ g6 22.Qe3 Rg8
23.h5 Rh4 24.hxg6+ fxg6 25.Rh3 Qb4 26.Be4 Ng7 27.Rxh4 Nf5 28.Bf8+  1-0

[Event "35th Open"]
[Site "Manresa ESP"]
[Date "2008.08.20"]
[Round "9"]
[White "Perpinya Rofes,L"]
[Black "Babaev,Ra"]
[Result "0-1"]
[WhiteElo "2385"]
[BlackElo "2484"]

1.e4 c5 2.Nf3 d6 3.d4 cxd4 4.Nxd4 Nf6 5.Nc3 Nc6 6.Bg5 e6 7.Qd2 Qb6 8.Nb3 Be7
9.O-O-O O-O 10.f3 a6 11.h4 Rd8 12.h5 Qc7 13.g4 d5 14.exd5 Nxd5 15.Bxe7 Qxe7
16.Bc4 Nxc3 17.Qxc3 h6 18.Rxd8+ Nxd8 19.Bd3 Bd7 20.f4 e5 21.fxe5 Rc8 22.Qe1 Nc6
23.Rf1 Nxe5 24.Kb1 Re8 25.Qg3 Nxd3 26.cxd3 Qe3 27.Rf3 Qe1+ 28.Nc1 Qxg3 29.Rxg3 Re5
30.d4 Rg5 31.Nd3 Bxg4 32.Re3 Bf5 33.Kc2 Rxh5 34.Kc3 Rh3 35.Rxh3 Bxh3 36.d5 Kf8
37.Kd4 Ke7 38.Kc5 Bc8 39.Ne5 h5 40.Nc4 h4 41.Kb6 h3 42.Kc7 h2 43.d6+ Ke6  0-1

[Event "44th Rubinstein Mem GM"]
[Site "Polanica Zdroj POL"]
[Date "2008.08.20"]
[Round "1"]
[White "Warakomski,T"]
[Black "Moranda,W"]
[Result "1/2-1/2"]
[WhiteElo "2502"]
[BlackElo "2533"]

1.e4 c5 2.Nf3 d6 3.d4 cxd4 4.Nxd4 Nf6 5.Nc3 Nc6 6.Bg5 e6 7.Qd2 a6 8.O-O-O Bd7
9.f4 b5 10.Nxc6 Bxc6 11.Bd3 Be7 12.e5 dxe5 13.fxe5 Nd5 14.Bxe7 Qxe7 15.Ne4 O-O
16.Rhf1 Kh8 17.Rf3 Nb4 18.Rh3 Nxd3+ 19.Qxd3 Bxe4 20.Qxe4 Qg5+ 21.Rd2 h6 22.Rg3 Qh5
23.Rh3 Qg5 24.Rd3 Rac8 25.h4 Qe7 26.Rd7 Qc5 27.Qd4 Qxd4 28.R2xd4 Rc5 29.Re4 Rfc8
30.c3 R8c7 31.Rxc7 Rxc7 32.a4 h5 33.axb5 axb5 34.Kc2 Kh7 35.Kb3 Kg6 36.g4 f6
37.exf6 gxf6 38.Kb4 hxg4 39.Rxg4+ Kf5 40.Rg1 e5 41.h5 e4 42.Kxb5 Rb7+ 43.Kc6 Rxb2
44.h6 Rh2 45.Kd5 Rd2+ 46.Kc6 Rh2 47.Kd5 e3 48.Rf1+ Kg5 49.Ke4 e2 50.Rg1+ Kxh6
51.Kf3 Rh3+ 52.Kxe2 Rxc3 53.Kf2  1/2-1/2

[Event "44th Rubinstein Mem Open A"]
[Site "Polanica Zdroj POL"]
[Date "2008.08.20"]
[Round "2"]
[White "Sadzikowski,D"]
[Black "Czarnota,P"]
[Result "0-1"]
[WhiteElo "2140"]
[BlackElo "2526"]

1.e4 c5 2.Nf3 d6 3.d4 cxd4 4.Nxd4 Nf6 5.Nc3 Nc6 6.Bg5 e6 7.Qd2 a6 8.O-O-O Be7
9.Bxf6 gxf6 10.f4 Nxd4 11.Qxd4 b5 12.e5 d5 13.Kb1 Bd7 14.g4 Rc8 15.g5 Bc5
16.Qd3 fxe5 17.f5 e4 18.Qg3 Qc7 19.fxe6 fxe6 20.Qg4 b4 21.Nxe4 dxe4 22.Bc4 Qe5
23.Rhf1 Be7 24.Bxa6 Rc7 25.Qh5+ Kd8 26.Qe2 Rf8 27.Rxf8+ Bxf8 28.g6 Bg7  0-1

[Event "44th Rubinstein Mem Open A"]
[Site "Polanica Zdroj POL"]
[Date "2008.08.20"]
[Round "2"]
[White "Kanarek,M"]
[Black "Fistek,D"]
[Result "0-1"]
[WhiteElo "2349"]
[BlackElo "2208"]

1.e4 c5 2.Nf3 d6 3.d4 cxd4 4.Nxd4 Nf6 5.Nc3 Nc6 6.Bg5 e6 7.Qd2 a6 8.O-O-O Bd7
9.f3 h6 10.Be3 b5 11.Nxc6 Bxc6 12.Ne2 Be7 13.Nd4 Bb7 14.g4 Qc7 15.Kb1 d5
16.e5 Nd7 17.f4 Nc5 18.Bd3 Ne4 19.Bxe4 dxe4 20.Qf2 Bd5 21.Rhf1 Rc8 22.h4 h5
23.g5 g6 24.f5 O-O 25.Qg3 Qc4 26.b3 Qc3 27.Qe1 exf5 28.Nxf5 Qxc2+ 29.Ka1 gxf5
30.Rxd5 Ba3 31.Bd4 Qc6 32.Rd6 Bxd6 33.exd6 Qxd6 34.Bf6 Rc2 35.Qb1 Rfc8  0-1

[Event "44th Rubinstein Mem Open A"]
[Site "Polanica Zdroj POL"]
[Date "2008.08.21"]
[Round "3"]
[White "Jacek,K"]
[Black "Zysko,J"]
[Result "1-0"]
[WhiteElo "1987"]
[BlackElo "2148"]

1.e4 c5 2.Nf3 d6 3.d4 cxd4 4.Nxd4 Nf6 5.Nc3 Nc6 6.Bg5 e6 7.Qd2 a6 8.O-O-O h6
9.Bxf6 Qxf6 10.Nxc6 bxc6 11.f4 d5 12.exd5 cxd5 13.Nxd5 exd5 14.Qxd5 Rb8 15.Bb5+  1-0

[Event "5th DA Tan Malaysian Open"]
[Site "Kuala Lumpur MAS"]
[Date "2008.08.22"]
[Round "7"]
[White "Wang Li"]
[Black "Castellano,Christo"]
[Result "1/2-1/2"]
[WhiteElo "2392"]
[BlackElo "2249"]

1.e4 c5 2.Nf3 Nc6 3.d4 cxd4 4.Nxd4 Nf6 5.Nc3 d6 6.Bg5 e6 7.Qd2 a6 8.O-O-O Bd7
9.f3 Rc8 10.h4 b5 11.Nxc6 Bxc6 12.Ne2 Be7 13.Nd4 Bb7 14.g4 Qc7 15.Kb1 h6
16.Be3 Nd7 17.Bd3 Ne5 18.g5 hxg5 19.hxg5 Rxh1 20.Rxh1 g6 21.Qe2 Nc4 22.Bc1 e5
23.Nb3 d5 24.exd5 Bxd5 25.Nd2 Bxg5 26.Nxc4 bxc4 27.Bxg5 cxd3 28.cxd3 Kd7
29.Re1 Qa5 30.b3 Bxf3 31.Qxe5 Qxe5 32.Rxe5 Re8 33.Rxe8 Kxe8 34.Kc2 Kd7 35.Kd2 Ke6
36.Ke3 Bg2 37.Kf2 Bc6 38.Kg3 f6 39.Be3 Bb5 40.d4 Kd5 41.Kf4 Bd3 42.Bc1 Bb1
43.a3 Bc2 44.b4 g5+ 45.Kf3 Bd1+ 46.Kg3 Ke4 47.Kf2 Ba4 48.Kg3 Bd7 49.Kf2 Bc6
50.d5 Kxd5 51.Bb2 Ke6 52.Bc1 Kf5 53.Kg3 Be8 54.Bd2 Ba4 55.Bc3 Bd1 56.Bb2 Kg6
57.Bc1 Kf5 58.Bb2 Ke6 59.Bc1 Ke5 60.Kf2 Ke4 61.Bd2 Kd3 62.Be3 Ba4 63.Bc1 Bc6
64.Bb2 f5 65.Bf6 g4 66.Bg5 Kc3 67.Kg3 Kb3 68.Bc1 Kc2 69.Bf4 Kb2 70.Bd6 Kb3
71.Kf4 Be4 72.Be7 Bd3 73.Bd6 Ka4 74.Bc5 Kb5 75.Be7 Kc6  1/2-1/2